| 000 | 01575nam a2200301 a 4500 | ||
|---|---|---|---|
| 001 | BRCA_5268 | ||
| 005 | 20190320205017.0 | ||
| 008 | 011210s1732----mx-######v---#000-0#spa-# | ||
| 041 | _aspa | ||
| 044 | _amx | ||
| 084 |
_aDOC131 _b.T67 _c1732 |
||
| 100 | 1 |
_aTorres, Nicolás Fernando de _913495 |
|
| 245 | 1 | 0 |
_aDocumento firmado por Don Nicolás Fernando de Torres _cNicolás Fernando de Torres. |
| 260 |
_aS.L.P., México _c1732 |
||
| 300 |
_a[63] fojas _c31 x 21 cm. |
||
| 500 | _aTestamento y Codicilio de Don Nicolás Fernando de Torres, fundador del convento de Carmelitas de San Luis Potosí. El testamento detallado, legado a religiosos y parientes y algunos documentos de sus albaceas y favorecidos a fin de legalizar su dote. | ||
| 500 | _aAl márgen sello con el escudo de la Casa de Borbón y lema: ´SELLO SEGUNDO. SEIS REALES. AÑOS DE MIL SETECIENTOS TREINTA Y UNO Y TREINTA Y DOS´. | ||
| 500 | _aEl documento contiene la leyenda DOC. #299. | ||
| 500 | _aPapel con marca de agua. | ||
| 500 | _aEstado de conservación: contiene pequeñas lagunas, a la foja 3 le falta la esquina inferior derecha, manchas por acidez en el papel y márgenes deteriorados. | ||
| 506 | 0 | _aFondo Reservado. Para su consulta es necesario credencial de usuario y carta de motivos. | |
| 546 | _aTexto en: español de principios del siglo XVIII. | ||
| 600 | 1 | 4 |
_aTorres, Nicolás Fernando de _xHistoria _913496 |
| 650 | 1 | 4 |
_aDocumentos legales _vManuscritos _xHistoria _912814 |
| 651 | 4 |
_aMéxico _xHistoria _yColonia, 1521-1821 _912461 |
|
| 902 | _aFDH | ||
| 942 |
_2lcc _cD |
||
| 999 |
_c4962 _d4962 |
||